Normal view
MARC view
Entry Personal Name
001 - CONTROL NUMBER
- control field: 23656
003 - CONTROL NUMBER IDENTIFIER
- control field: ARRUPE
005 - DATE AND TIME OF LATEST TRANSACTION
- control field: 20160411115406.0
008 - FIXED-LENGTH DATA ELEMENTS
- fixed length control field: 160411|| aca||aabn | a|a d
040 ## - CATALOGING SOURCE
- Original cataloging agency: ARRUPE
- Transcribing agency: ARRUPE
100 ## - HEADING--PERSONAL NAME
- Personal name: Gielgud, Val
670 ## - SOURCE DATA FOUND
- Source citation: Work cat.: (ARRUPE): Gielgud, Val , The right way to radio playwriting, no date